| 000 | 01199nam0a22002651 4500 | ||
|---|---|---|---|
| 001 | RU\NLR\BIBL_A\022797225 | ||
| 005 | 20260503065431.0 | ||
| 021 | _aRU | ||
| 035 | _a(NLR Aleph) 022797225 | ||
| 090 |
_a13701434 _c13701434 |
||
| 100 | _a20260429d1941 u y0rusy50 ca | ||
| 101 | 0 | _arus | |
| 102 | _aRU | ||
| 105 | _ay z 000 y | ||
| 181 | 0 |
_ai _baxxe |
|
| 182 | 0 | _an | |
| 200 | 1 |
_aОсарсолотерапия при тропической малярии _eТезисы к дисс. на соискание учен. степени кандидата мед. наук _fИ. Н. Петровский _gИз Госпитальной терапевтич. клиники дир. проф. Воронов А. С. и Кафедры инфекционных болезней дир. проф. Руднев Г. П. Ростовск. на Дону мед. ин-та |
|
| 203 |
_aТекст _bвизуальный _cнепосредственный |
||
| 210 |
_aРостов на Дону _cТип. им. Коминтерна РОУИ и П _d1941 |
||
| 215 |
_a4 с. _d22 |
||
| 700 | 1 |
_aПетровский _bИ. Н. |
|
| 852 |
_aNLR _jМд30 Г-6/17 |
||
| 942 | _cBOOK | ||
| 980 | _aNB | ||